Statistics for Historical Films by Picture

Click here to take the quiz!

General Stats

  • This quiz has been taken 72 times
    (46 since last reset)
  • The average score is 17 of 32

Answer Stats

Answer% Correct
Braveheart
90%
Titanic
90%
Dunkirk
83%
The Pianist
83%
Apollo 13
78%
Gandhi
78%
Schindler's List
78%
Good Morning Vietnam
76%
12 Years a Slave
71%
Lincoln
71%
Elizabeth
66%
Hidden Figures
63%
The King's Speech
61%
Argo
56%
Pearl Harbor
56%
Zodiac
56%
Hamilton
54%
Green Book
51%
Life is Beautiful
51%
Patton
46%
Hotel Rwanda
44%
Darkest Hour
41%
The Queen
41%
Alexander
37%
Downfall
34%
JFK
34%
The Woman King
32%
Gettysburg
27%
Kingdom of Heaven
22%
Midway
20%
The Right Stuff
20%
Patriots Day
15%

Score Distribution

Percentile by Number Answered

Percent of People with Each Score

Your Score History

You have not taken this quiz since the last reset